Normal view
MARC view
- TEXTBOOK-DME.FLUID MECHANICS
Entry Topical Term
001 - CONTROL NUMBER
- control field: 61715
003 - CONTROL NUMBER IDENTIFIER
- control field: NUST
005 - DATE AND TIME OF LATEST TRANSACTION
- control field: 20210628202813.0
008 - FIXED-LENGTH DATA ELEMENTS
- fixed length control field: 210628|| aca||aabn | a|a d
040 ## - CATALOGING SOURCE
- Original cataloging agency: NUST
- Transcribing agency: NUST
150 ## - HEADING--TOPICAL TERM
- Topical term or geographic name entry element: TEXTBOOK-DME.FLUID MECHANICS
670 ## - SOURCE DATA FOUND
- Source citation: Work cat.: (NUST): Cengel, Yunus A ,Cimbala, John M 61714, Fluid mechanics:fundamentals and applications (in si units), in si units, 2015
